| 000 | 00423cam a22001337a 4500 | ||
|---|---|---|---|
| 008 | 180718b1970 xxu||||| |||| 00| 0 eng d | ||
| 082 | _aT5m T566 | ||
| 100 | _aTodd, Jerry D. | ||
| 245 |
_aEffective risk and insurance management in muncipal government _cby Jerry D. Todd |
||
| 260 |
_aAustin _bInstitute of Public Affaris _c1970 |
||
| 300 | _a138p. | ||
| 440 | _aPublic Affaris Series No.82 | ||
| 650 | _aInsurance, Municipal | ||
| 999 |
_c477670 _d477670 |
||